[Event "POL-chT 2nd League"]
[Site "Jastrzebia Gora"]
[Date "2023.09.07"]
[Round "6.98"]
[White "Malinowski, Szymon"]
[Black "Pulik, Krzysztof"]
[Result "0-1"]
[WhiteElo "1902"]
[BlackElo "2074"]
[PlyCount "92"]
[EventDate "2023.09.02"]
[EventType "team-swiss"]
[EventRounds "9"]
[EventCountry "POL"]
[SourceTitle "EXT 2024"]
[Source "ChessBase"]
[SourceDate "2023.10.10"]
[SourceVersion "1"]
[SourceVersionDate "2023.10.10"]
[SourceQuality "1"]
[WhiteTeam "Gdynia MDK"]
[BlackTeam "Rzeszow Szachownica"]
[WhiteTeamCountry "POL"]
[BlackTeamCountry "POL"]

1. Nf3 d5 2. d4 c5 3. c3 Nc6 4. dxc5 e6 5. b4 a5 6. Qb3 axb4 7. cxb4 b6 8. cxb6 Bxb4+ 9. Bd2 Qxb6 10. e3 Nf6 11. Bd3 Ba6 12. 0-0 Bxd3 13. Qxd3 0-0 14. a3 Bd6 15. Nc3 Rfb8 16. Rfb1 Qd8 17. Nb5 Be7 18. Ra2 Ne4 19. Be1 Bf6 20. Nfd4 Ne5 21. Qe2 Qd7 22. Bb4 Rc8 23. Rc2 Rxc2 24. Qxc2 Rc8 25. Qe2 Nc4 26. a4 Nc5 27. Qa2 g6 28. g3 e5 29. Ne2 Nd3 30. Bc3 Ra8 31. a5 Qc6 32. Qa4 Bd8 33. Ra1 Nc5 34. Qb4 Rxa5 35. Rxa5 Bxa5 36. Qb1 Bxc3 37. Nexc3 Nb6 38. Qb4 Ncd7 39. Qb3 Qc5 40. Qd1 Kg7 41. Qa1 d4 42. exd4 exd4 43. Ne4 Qxb5 44. Qxd4+ Qe5 45. Qb4 Nd5 46. Nd6 Nxb4 0-1

[Event "POL-ch Rapid U18"]
[Site "Bydgoszcz"]
[Date "2023.08.29"]
[Round "5"]
[White "Gbiorczyk, Mikolaj1111"]
[Black "Malinowski, Szymon"]
[Result "1-0"]
[WhiteElo "1994"]
[BlackElo "1743"]
[PlyCount "59"]
[EventDate "2023.08.28"]
[EventType "swiss"]
[EventRounds "11"]
[EventCountry "POL"]
[SourceTitle "EXT 2024"]
[Source "ChessBase"]
[SourceDate "2023.10.10"]
[SourceVersion "1"]
[SourceVersionDate "2023.10.10"]
[SourceQuality "1"]

1. e4 c6 2. d4 d5 3. f3 dxe4 4. fxe4 e5 5. Nf3 Bg4 6. c3 Nd7 7. Bd3 Ngf6 8. 0-0 Be7 9. Nbd2 0-0 10. Nc4 exd4 11. cxd4 c5 12. d5 b5 13. Ne3 Bxf3 14. gxf3 c4 15. Bc2 Qb6 16. Kh1 Bc5 17. Qe2 Rae8 18. Nf5 Ne5 19. Qg2 Ng6 20. Bg5 a6 21. Rad1 Nd7 22. h4 f6 23. Bc1 Kf7 24. h5 Rh8 25. f4 Reg8 26. e5 fxe5 27. fxe5 Ke8 28. e6 Nf6 29. d6 Kd8 30. Qa8+ 1-0

[Event "POL-ch U16"]
[Site "Jastrzebia Gora"]
[Date "2023.??.??"]
[Round "2"]
[White "Malinowski, Szymon"]
[Black "Lonski, Aleksander"]
[Result "1-0"]
[WhiteElo "1946"]
[BlackElo "1707"]
[PlyCount "91"]
[EventDate "2023.03.11"]
[EventType "swiss"]
[EventRounds "9"]
[EventCountry "POL"]
[SourceTitle "CBM 213 Extra"]
[Source "ChessBase"]
[SourceDate "2023.05.31"]
[SourceVersion "1"]
[SourceVersionDate "2023.05.31"]
[SourceQuality "1"]

1. d4 Nf6 2. Bf4 Nh5 3. Bg5 h6 4. Bh4 g6 5. e3 d5 6. Bd3 c6 7. c3 Ng7 8. Nd2 Nf5 9. Bg3 Bg7 10. Ngf3 0-0 11. Qe2 Re8 12. Ne5 a6 13. f4 Qc7 14. Ndf3 Nd7 15. Bxf5 Nxe5 16. Bc2 Nxf3+ 17. Qxf3 Qd7 18. h4 Qg4 19. h5 Kh7 20. hxg6+ fxg6 21. Qf2 Qe6 22. 0-0-0 Qf7 23. Bh4 Kg8 24. Rdg1 Bg4 25. Qg3 Qe6 26. e4 Kh7 27. Bg5 dxe4 28. Bxe4 Qxe4 29. Qxg4 Qf5 30. Qh4 Qf8 31. Rh3 Kg8 32. Bxh6 Bxh6 33. Qxh6 Qxh6 34. Rxh6 Kg7 35. Rgh1 Rf8 36. Rh7+ Kf6 37. g4 Rae8 38. Kd2 Ke6 39. Ke3 Kd7 40. g5 Rf5 41. Rg7 c5 42. dxc5 Ref8 43. Rd1+ Ke8 44. Rd4 Rxc5 45. Rxg6 Rh8 46. Rb6 1-0

[Event "POL-ch U16"]
[Site "Jastrzebia Gora"]
[Date "2023.??.??"]
[Round "5"]
[White "Rog, Bartlomiej"]
[Black "Malinowski, Szymon"]
[Result "1/2-1/2"]
[WhiteElo "2127"]
[BlackElo "1946"]
[PlyCount "86"]
[EventDate "2023.03.11"]
[EventType "swiss"]
[EventRounds "9"]
[EventCountry "POL"]
[SourceTitle "CBM 213 Extra"]
[Source "ChessBase"]
[SourceDate "2023.05.31"]
[SourceVersion "1"]
[SourceVersionDate "2023.05.31"]
[SourceQuality "1"]

1. e4 c6 2. d4 d5 3. f3 dxe4 4. fxe4 e5 5. Nf3 exd4 6. Bc4 Bg4 7. Bxf7+ Kxf7 8. Ne5+ Ke8 9. Nxg4 Qh4+ 10. g3 Qh3 11. Nf2 Qg2 12. Qh5+ Kd8 13. Qf7 Nf6 14. Bg5 Nbd7 15. Nd2 Be7 16. Rf1 Rf8 17. Qxg7 Rg8 18. Qh6 Rg6 19. Qh3 Qxh3 20. Nxh3 Ng4 21. Bf4 Nxh2 22. Rh1 Ng4 23. 0-0-0 c5 24. Nf3 h6 25. c3 dxc3 26. bxc3 Ke8 27. Rd2 b5 28. Nf2 Nxf2 29. Rxf2 Bf8 30. Nh4 Re6 31. Nf5 Nf6 32. e5 Nd5 33. Bxh6 Bxh6+ 34. Nxh6 Kd7 35. Ng4 Nxc3 36. Rh7+ Kc6 37. Rf6 Ne2+ 38. Kb2 Nd4 39. Re7 Kd5 40. Rd7+ Kc6 41. Rg7 a5 42. Ne3 Rae8 43. Rgg6 c4 1/2-1/2

[Event "POL-ch U16"]
[Site "Sypniewo"]
[Date "2022.03.23"]
[Round "5"]
[White "Malinowski, Szymon"]
[Black "Herwy, Jakub"]
[Result "1-0"]
[WhiteElo "1675"]
[BlackElo "1947"]
[PlyCount "85"]
[EventDate "2022.03.19"]
[EventType "swiss"]
[EventRounds "9"]
[EventCountry "POL"]
[SourceTitle "CBM 207 Extra"]
[Source "ChessBase"]
[SourceDate "2022.05.31"]
[SourceVersion "1"]
[SourceVersionDate "2022.05.31"]
[SourceQuality "1"]

1. d4 Nf6 2. Bf4 c5 3. e3 g6 4. c3 Bg7 5. Nf3 0-0 6. Bd3 d6 7. Nbd2 Nbd7 8. 0-0 b6 9. e4 Bb7 10. d5 Qc7 11. Qc2 a6 12. a4 Rae8 13. c4 e5 14. Be3 h6 15. h3 a5 16. Nh4 Nb8 17. g4 Na6 18. Rae1 Nb4 19. Qb1 Qd8 20. Ng2 g5 21. f3 Nd7 22. Kf2 Bf6 23. Rh1 Kg7 24. Nf1 Rh8 25. Ng3 Nf8 26. Nf5+ Kg8 27. h4 Ng6 28. hxg5 hxg5 29. Rxh8+ Kxh8 30. Rh1+ Kg8 31. Bd2 Bc8 32. Nge3 Ne7 33. Be2 Nxf5 34. gxf5 Kg7 35. Ng4 Be7 36. Rh6 Rh8 37. Qh1 f6 38. Qh5 Qg8 39. Rg6+ Kf8 40. Rxg8+ Rxg8 41. Qh6+ Kf7 42. Qh7+ Kf8 43. Nh6 1-0

[Event "POL-ch U16"]
[Site "Sypniewo"]
[Date "2022.03.21"]
[Round "3"]
[White "Malinowski, Szymon"]
[Black "Biesiadecki, Adam"]
[Result "1-0"]
[WhiteElo "1675"]
[BlackElo "1916"]
[PlyCount "63"]
[EventDate "2022.03.19"]
[EventType "swiss"]
[EventRounds "9"]
[EventCountry "POL"]
[SourceTitle "CBM 207 Extra"]
[Source "ChessBase"]
[SourceDate "2022.05.31"]
[SourceVersion "1"]
[SourceVersionDate "2022.05.31"]
[SourceQuality "1"]

1. d4 Nf6 2. Bf4 d5 3. Nf3 c5 4. e3 Nc6 5. Nc3 a6 6. Be2 e6 7. 0-0 b5 8. Ne5 Nxe5 9. Bxe5 Nd7 10. Bg3 cxd4 11. exd4 g6 12. Re1 Nb6 13. a4 bxa4 14. Nxa4 Nxa4 15. Rxa4 Bg7 16. c3 h5 17. h3 h4 18. Bh2 Bf8 19. Be5 f6 20. Bf4 Bd6 21. Qd2 Qc7 22. Bxd6 Qxd6 23. Bd3 Kf7 24. Rea1 Rh5 25. Qe2 e5 26. Bxa6 Bd7 27. Bb5 Rxa4 28. Rxa4 Bxh3 29. gxh3 Rg5+ 30. Kh1 Qe6 31. Ra7+ Kf8 32. Bd7 1-0

[Event "EU-ch Blitz"]
[Site "Katowice"]
[Date "2021.12.17"]
[Round "2"]
[White "Donchenko, Alexander"]
[Black "Malinowski, Szymon"]
[Result "1-0"]
[WhiteElo "2636"]
[BlackElo "1659"]
[PlyCount "95"]
[EventDate "2021.12.17"]
[EventType "swiss (blitz)"]
[EventRounds "22"]
[EventCountry "POL"]
[SourceTitle "CBM 205 Extra"]
[Source "ChessBase"]
[SourceDate "2022.01.31"]
[SourceVersion "1"]
[SourceVersionDate "2022.01.31"]
[SourceQuality "1"]

1. Nf3 d5 2. g3 Nf6 3. Bg2 Bf5 4. 0-0 e6 5. d3 Be7 6. Nh4 Bg4 7. h3 Bh5 8. Qe1 0-0 9. e4 dxe4 10. dxe4 c6 11. f4 Nbd7 12. Nc3 e5 13. f5 Ne8 14. Nf3 f6 15. g4 Bf7 16. Qg3 h6 17. h4 b5 18. g5 hxg5 19. hxg5 fxg5 20. Bxg5 Nef6 21. Rad1 Qc7 22. Qh4 Nc5 23. Rde1 b4 24. Nd1 Bxa2 25. b3 a5 26. Kf2 Qb6 27. Kg3 Qc7 28. Rh1 Kf7 29. Bxf6 Bxf6 30. Ng5+ Ke7 31. Ne3 a4 32. Qg4 axb3 33. cxb3 Bxb3 34. Nh7 Rf7 35. Rc1 Nd3 36. Rb1 Ra3 37. Nxf6 gxf6 38. Rh8 Ba4 39. Qg8 Nc5 40. Qe8+ Kd6 41. Rd1+ Nd3 42. Nc4+ Kc5 43. Nxa3 bxa3 44. Rxd3 a2 45. Ra3 Bb3 46. Qa8 Qb7 47. Qa5+ Kd4 48. Rd8+ 1-0

[Event "POL-ch U15 Qual"]
[Site "Jastrzebia Gora"]
[Date "2021.11.19"]
[Round "7"]
[White "Kusiak, Mateusz"]
[Black "Malinowski, Szymon"]
[Result "0-1"]
[WhiteElo "1755"]
[BlackElo "1601"]
[PlyCount "66"]
[EventDate "2021.11.15"]
[EventType "swiss"]
[EventRounds "9"]
[EventCountry "POL"]
[SourceTitle "EXT 2023"]
[Source "ChessBase"]
[SourceDate "2022.10.05"]
[SourceVersion "1"]
[SourceVersionDate "2022.10.05"]
[SourceQuality "1"]

1. e4 c6 2. d4 d5 3. Nd2 dxe4 4. Nxe4 Bf5 5. Ng3 Bg6 6. h4 h6 7. Nf3 Nf6 8. Ne5 Bh7 9. Bd3 Bxd3 10. Qxd3 e6 11. Bd2 Bd6 12. f4 Nbd7 13. 0-0-0 Qc7 14. Rhe1 Rf8 15. Nf5 exf5 16. Nxc6+ Ne4 17. Rxe4+ fxe4 18. Qxe4+ Ne5 19. Nxe5 Bxe5 20. fxe5 0-0-0 21. Bb4 Rfe8 22. Qg4+ Qd7 23. Qxg7 Rg8 24. Qxh6 Rxg2 25. Qe3 Kb8 26. Qe4 Qh3 27. Bd6+ Ka8 28. Qf4 Rdg8 29. c3 R2g4 30. Qd2 Qxh4 31. b3 Rg2 32. Qd3 Rxa2 33. c4 Rgg2 0-1

[Event "POL-ch U15 Qual"]
[Site "Jastrzebia Gora"]
[Date "2021.11.18"]
[Round "5"]
[White "Trzebinski, Patryk"]
[Black "Malinowski, Szymon"]
[Result "0-1"]
[WhiteElo "1767"]
[BlackElo "1601"]
[PlyCount "94"]
[EventDate "2021.11.15"]
[EventType "swiss"]
[EventRounds "9"]
[EventCountry "POL"]
[SourceTitle "EXT 2023"]
[Source "ChessBase"]
[SourceDate "2022.10.05"]
[SourceVersion "1"]
[SourceVersionDate "2022.10.05"]
[SourceQuality "1"]

1. e4 c6 2. d4 d5 3. exd5 cxd5 4. c4 Nf6 5. Nc3 Nc6 6. Bg5 Bg4 7. f3 Be6 8. c5 Bf5 9. Bd3 Bg6 10. Nge2 e6 11. 0-0 Be7 12. a3 0-0 13. b4 a6 14. Rb1 b6 15. Bxg6 hxg6 16. h3 Rc8 17. Qd3 bxc5 18. bxc5 Qa5 19. Rb6 Nxd4 20. Nxd4 Bxc5 21. Rb3 e5 22. Nce2 exd4 23. Nxd4 Qa4 24. Be3 Rfe8 25. Bf2 Nh5 26. Kh2 Nf4 27. Qd2 Bd6 28. g3 Ne6 29. Rc3 Rxc3 30. Qxc3 Nxd4 31. Bxd4 Re2+ 32. Rf2 Rxf2+ 33. Bxf2 Qxa3 34. Qc6 Qxf3 35. Qxd6 Qxf2+ 36. Kh1 Qf1+ 37. Kh2 Qe2+ 38. Kg1 Qc4 39. Qd8+ Kh7 40. Qe7 f6 41. h4 a5 42. Qf7 Qd4+ 43. Kg2 Qe4+ 44. Kf2 d4 45. h5 Qf5+ 46. Kg2 Qxh5 47. Qc4 Qe5 0-1

[Event "POL-ch U14"]
[Site "Uniejow"]
[Date "2021.07.25"]
[Round "9"]
[White "Malinowski, Szymon"]
[Black "Wieckowski, Michal"]
[Result "0-1"]
[WhiteElo "1662"]
[BlackElo "1614"]
[PlyCount "136"]
[EventDate "2021.07.18"]
[EventType "swiss"]
[EventRounds "9"]
[EventCountry "POL"]
[SourceTitle "EXT 2022"]
[Source "ChessBase"]
[SourceDate "2021.10.06"]
[SourceVersion "1"]
[SourceVersionDate "2021.10.06"]
[SourceQuality "1"]

1. d4 f5 2. c4 Nf6 3. Nc3 g6 4. Nf3 Bg7 5. Bf4 0-0 6. e3 d6 7. Be2 Qe8 8. Qb3 h6 9. h4 Kh8 10. 0-0-0 a5 11. a4 Na6 12. d5 Nc5 13. Qc2 c6 14. b3 Bd7 15. Nd4 cxd5 16. cxd5 Rc8 17. Bc4 Nce4 18. Ndb5 Nxc3 19. Nxc3 Bxa4 20. Nxa4 b5 21. Nb2 bxc4 22. bxc4 Ne4 23. f3 Nc5 24. Nd3 Qd7 25. Kd2 Nxd3 26. Qxd3 Rc5 27. Rb1 Rfc8 28. Rhc1 Qa4 29. Qb3 Qxb3 30. Rxb3 a4 31. Rb4 a3 32. Ra4 Kh7 33. Rc2 Bb2 34. Kd3 R8c7 35. e4 Rb7 36. exf5 gxf5 37. Bc1 Rb3+ 38. Ke2 Kg6 39. Bd2 Rc7 40. Ra6 Kg7 41. h5 Rbb7 42. Be3 f4 43. Bxf4 Ra7 44. Rxa7 Rxa7 45. Bc1 Rb7 46. Kd2 Rb6 47. g4 a2 48. Bxb2+ Rxb2 49. Rxb2 a1Q 50. Rc2 Kf6 51. Ke3 Qe5+ 52. Kd3 Qg3 53. Ke4 Kg5 54. Ke3 Qe5+ 55. Kd3 Qf4 56. Rf2 Kh4 57. Rf1 Kg3 58. Re1 Qg5 59. Re6 Kxf3 60. Rg6 Qe3+ 61. Kc2 Qf4 62. Kb3 Ke3 63. g5 hxg5 64. h6 Qh4 65. Kc3 g4 66. Rg7 Qf6+ 67. Kb3 Qxh6 68. Rxe7+ Kd4 0-1

[Event "POL-ch U14"]
[Site "Uniejow"]
[Date "2021.07.21"]
[Round "4"]
[White "Turowski, Maciej"]
[Black "Malinowski, Szymon"]
[Result "0-1"]
[WhiteElo "1447"]
[BlackElo "1662"]
[PlyCount "80"]
[EventDate "2021.07.18"]
[EventType "swiss"]
[EventRounds "9"]
[EventCountry "POL"]
[SourceTitle "EXT 2022"]
[Source "ChessBase"]
[SourceDate "2021.10.06"]
[SourceVersion "1"]
[SourceVersionDate "2021.10.06"]
[SourceQuality "1"]

1. d4 d5 2. c4 e6 3. Nc3 Nf6 4. Bg5 Nbd7 5. cxd5 exd5 6. e3 c6 7. Bd3 Be7 8. Nf3 0-0 9. Qc2 Re8 10. 0-0 Nf8 11. Rab1 Ng6 12. b4 Ne4 13. Bxe7 Qxe7 14. b5 Bg4 15. Be2 Bf5 16. Bd3 Nh4 17. Nxh4 Qxh4 18. Bxe4 Rxe4 19. bxc6 bxc6 20. Nxe4 Bxe4 21. Qxc6 Rf8 22. f3 Bxb1 23. Rxb1 Qg5 24. Rb3 h6 25. Qc7 Qh4 26. g3 Qf6 27. Kf2 Qa6 28. a3 Kh7 29. Rc3 Qb5 30. Qc5 Qb8 31. Qb4 Qd8 32. Rc5 Re8 33. Qb3 Re7 34. Qxd5 Rd7 35. Qc4 g6 36. Qc3 Rb7 37. d5 Qb6 38. f4 Qb1 39. Rc8 Rb2+ 40. Kf3 Qh1+ 0-1

[Event "POL-ch U14"]
[Site "Uniejow"]
[Date "2021.07.19"]
[Round "1"]
[White "Malinowski, Szymon"]
[Black "Fiszer, Bartosz"]
[Result "0-1"]
[WhiteElo "1662"]
[BlackElo "2216"]
[PlyCount "88"]
[EventDate "2021.07.18"]
[EventType "swiss"]
[EventRounds "9"]
[EventCountry "POL"]
[SourceTitle "EXT 2022"]
[Source "ChessBase"]
[SourceDate "2021.10.06"]
[SourceVersion "1"]
[SourceVersionDate "2021.10.06"]
[SourceQuality "1"]

1. d4 Nf6 2. Nf3 g6 3. Bg5 Bg7 4. Nbd2 0-0 5. e3 d5 6. Bd3 Nbd7 7. 0-0 Re8 8. c4 h6 9. Bh4 c5 10. cxd5 cxd4 11. e4 Nh5 12. Re1 g5 13. Bg3 Nxg3 14. hxg3 g4 15. Nh4 Ne5 16. Nc4 Nxc4 17. Bxc4 Qd6 18. Qe2 Qe5 19. f4 gxf3 20. Qxf3 Bd7 21. Rf1 Rf8 22. Rae1 Rac8 23. Bd3 a5 24. Qf2 a4 25. Nf3 Qd6 26. Nh4 Qe5 27. Qf3 a3 28. bxa3 Rc3 29. Rc1 Bf6 30. Rxc3 dxc3 31. Bc2 Ra8 32. Rb1 b6 33. Nf5 Bxf5 34. exf5 Rxa3 35. Bb3 Rxb3 36. axb3 c2 37. Rf1 Bg5 38. Qg4 c1Q 39. Rxc1 Qe3+ 40. Kh2 Qxc1 41. f6 Kf8 42. fxe7+ Kxe7 43. Qe4+ Kd6 44. Qe8 Qc7 0-1

[Event "POL-chT U20 2nd League"]
[Site "Sypniewo"]
[Date "2020.??.??"]
[Round "2.40"]
[White "Malinowski, Szymon"]
[Black "Glaz, Michal"]
[Result "1/2-1/2"]
[WhiteElo "1740"]
[BlackElo "1180"]
[PlyCount "81"]
[EventDate "2020.10.23"]
[EventType "team-swiss"]
[EventRounds "9"]
[EventCountry "POL"]
[SourceTitle "CBM 199 Extra"]
[Source "ChessBase"]
[SourceDate "2021.01.31"]
[SourceVersion "1"]
[SourceVersionDate "2021.01.31"]
[SourceQuality "1"]

1. d4 Nf6 2. Nf3 a6 3. Bf4 g6 4. Nbd2 Bg7 5. e4 d6 6. c3 b5 7. a4 bxa4 8. Qxa4+ Bd7 9. Qb3 a5 10. Bc4 0-0 11. 0-0 Nc6 12. d5 a4 13. Qc2 Na5 14. Ba2 c6 15. dxc6 Nxc6 16. Nd4 Qc8 17. Nxc6 Bxc6 18. f3 Qb7 19. Be3 Rfb8 20. Rab1 Nd7 21. b4 axb3 22. Bxb3 Qc8 23. Bd4 Bb5 24. Rfc1 Ne5 25. c4 Ba6 26. Qc3 f6 27. Bxe5 fxe5 28. c5+ Kh8 29. Bd5 Rxb1 30. Rxb1 Rb8 31. Rxb8 Qxb8 32. c6 Bh6 33. g4 Qb6+ 34. Kg2 Qb5 35. c7 Qe2+ 36. Kh3 Bc8 37. Qc6 Bf4 38. Qe8+ Kg7 39. Qxe7+ Kh6 40. Qf8+ Kg5 41. Qe7+ 1/2-1/2